Get the Picture: The Roosevelts Quiz Stats

 Plays Quiz Updated May 8, 2019

Score 0/15 Timer 01:30
0 Plays Today
Question Answer Wrong Answers
Suffered from polio Franklin
88.9%
Theodore
6.6%
Both
1.1%
Predecessor was assassinated Theodore
86.8%
Franklin
5.6%
Both
4.4%
Died in office Franklin
84.8%
Theodore
7.8%
Both
4.2%
Wife named Edith Theodore
83%
Franklin
11.4%
Both
2%
Served a combat role in wartime Theodore
78%
Franklin
5.9%
Both
12.8%
Served more than two terms Franklin
77.2%
Theodore
6%
Both
13.4%
President during the 20th century Both
70%
Theodore
5.6%
Franklin
21.5%
Member of the Democratic Party Franklin
66.5%
Theodore
7%
Both
23%
Born in New York Both
65.7%
Theodore
11%
Franklin
20.1%
Died in New York Theodore
53.6%
Franklin
18%
Both
25%
Won California every time he ran for president Both
48.1%
Theodore
12.2%
Franklin
36.6%
Nobel Prize laureate Theodore
46.7%
Franklin
32.7%
Both
17.1%
BA at Harvard University Both
41.1%
Theodore
16.9%
Franklin
38.6%
Was a New York state senator Franklin
39.5%
Theodore
23.5%
Both
33.4%
Governor of New York Both
31.9%
Theodore
28.8%
Franklin
35.6%

Today's Daily Dose

Missing Word
Sherlocks

Word Ladder
King of the Hill

Quick Pick
Songs in Pink

Get the Picture
NBA Teammates

You're not logged in!

Compare scores with friends on all Sporcle quizzes.
OR
Log In

Sporcle TV

Today on Sporcle TV


Watch our educational content, quiz creation guides, and fun videos on Sporcle TV.

Show Comments

Extras

Top Quizzes Today


Score Distribution

Your Account Isn't Verified!

In order to create a playlist on Sporcle, you need to verify the email address you used during registration. Go to your Sporcle Settings to finish the process.

Report this User

Report this user for behavior that violates our Community Guidelines.

Details: